LEADER 00936nam a2200241 a 4500 001 000000126276 003 CaOOAMICUS 005 20110912135944.0 008 110912s1890 it u001 u ita r 040 $aPUL(R)$bita 110 1 $aItalia (Regno).$0(OLS)http://pul/name/8120 240 10$aCodice civile (1890).$0(OLS)http://pul/title/159459 245 10$aCodice civile per il Regno d'Italia. 260 $aRoma :$bStamperia Reale,$c1890. 300 $axiv, 741 p. ;$c11 cm. 500 $aInclude indice. 850 $aPUL 852 $aPUL$W1$xDP1 Antico 800$y27$m829 B 28$j145674$qStampati Antico$B144509$CPULBib$Z2$F144509 $82 941 1 $a15 961 $aEx libris "Evaristi Carusi" con numero scritto a mano: 7905.Timbri sul front: Biblioteca Carusi. 996 $6245$aCodice civile per il Regno d'Italia$9(OLS)http://pul/title/159460 996 $6260$aRoma :$bStamperia Reale$9(OLS)http://pul/publisher/63359 LEADER 01231nam a2200217 u 4500 001 000000016141 003 CaOOAMICUS 005 20070226105947.0 008 940805s1791 it u000 u ita u 035 $a10378371 040 $aPUL$bita 100 1 $aCuccagni, Luigi.$0(OLS)http://pul/name/14720 245 10$aBreve dissertazione dell'abate Luigi Cuccagni rettore del Collegio ibernese di Roma nella quale si prende a provare che la setta regnante dei Liberi muratori è una diramazione, una propaggine, un ramo della setta dei manichei. 260 $aRoma :$bG. Zempel,$c1791. 300 $a2 f. p., 59 p. ;$c22 cm 500 $aIn appendice a: Dissertazioni ... di Lodovico Antonio Muratori t.III, pt. 1. 850 $aPUL 852 $aPUL$W1$xDP1 Antico 700$y26$m148 A 16$j22745$nBK-PRI$b $qStampati Antico$B22745$CPULBib$Z2$F22745 $H $81 941 1 $a15 996 $6245$aBreve dissertazione dell'abate Luigi Cuccagni rettore del Collegio ibernese di Roma nella quale si prende a provare che la setta regnante dei Liberi muratori è una diramazione, una propaggine, un ramo della setta dei manichei$9(OLS)http://pul/title/23048 996 $6260$aRoma :$bG. Zempel$9(OLS)http://pul/publisher/48311 LEADER 01611nam a2200385 u 4500 001 000000042247 003 CaOOAMICUS 005 20070226114314.0 008 990224s1980 it u000 u ita u 035 $a10815247 040 $aPUL(R)$bita 041 1 $aita$hger 100 1 $aLapide, Pinchas,$d1922-1997.$0(OLS)http://pul/name/31047 240 10$aJüdischer Monotheismus.$lItaliano.$0(OLS)http://pul/title/56990 245 10$aMonoteismo ebraico :$bdottrina trinitaria cristiana /$cPinchas Lapide [e] Jürgen Moltmann. 260 $aBrescia :$bQueriniana,$cc1980. 300 $a90 p. ;$c20 cm 490 1 $aGiornale di teologia ;$v126 504 $aBibliografia a piè pagina. 650 4$aGiudaismo.$0(OLS)http://pul/subject/1627 650 4$aTrinità.$0(OLS)http://pul/subject/2463 700 1 $aMoltmann, Jürgen,$d1926-2024.$0(OLS)http://pul/name/12676 700 1 $aPezzetta, Dino.$0(OLS)http://pul/name/11861 830 0$aGiornale di teologia ;$v126.$0(OLS)http://pul/title/9027 850 $aPUL 852 $aPUL$W1$xSL Religione 3$y85$m200 GDT 1.126$j57142$nBK-PRI$qDDC 21$B57142$CPULBib$Z2$F57142 $82 852 $aPUL$W1$xDP1 Fondo Bordoni$y120$m3 F 37.126$j173819$qFondi$B176258$CPULBib$Z2$F176258 $HBor1622 $81 941 1 $a9 941 1 $a1 960 $aTeologia trinitaria$92463 960 $aTeologia trinitaria$92463 961 $aINV: 48615 983 0$aGdT. 996 $6245$aMonoteismo ebraico :$bdottrina trinitaria cristiana$9(OLS)http://pul/title/56991 996 $6260$aBrescia :$bQueriniana$9(OLS)http://pul/publisher/47906